000 00274nam a22001097a 4500
008 260422b |||||||| |||| 00| 0 eng d
100 _aNarayanachar, K S
245 _aMahabharatha Patra Prapancha
260 _aHubli
_bSahitya Prakashana
_c2019
300 _a536p
942 _2ddc
999 _c1251
_d1251